00373nam a2200157Ia 45000010006000000050017000060080041000230410008000640820023000721000031000952450033001262600009001593000031001686500008001996540008002071578520260306170221.0260306t2015||||xx |||||||||||||| ||und|| aESP a620.0072bM63 2015 aMiranda, Luis Felipe,eAUT 0aInvestigando en ingeniería c2015 ax, 404 páginas :c26 cm. aGEN aCII